Вторичные процессы как индикаторы продуктивности низкоомных коллекторов; Проблемы геологии и освоения недр; Т. 1

Bibliographic Details
Parent link:Проблемы геологии и освоения недр=Problems of Geology and Subsurface Development: труды XXIV Международного симпозиума имени академика М. А. Усова студентов и молодых учёных, посвященного 75-летию Победы в Великой Отечественной войне, Томск, 6-10 апреля 2020 г./ Национальный исследовательский Томский политехнический университет, Инженерная школа природных ресурсов ; гл. ред. А. С. Боев ; под ред. Е. Ю. Пасечник.— , 2020
Т. 1.— 2020.— [С. 313-314]
Main Author: Охотников В. Е.
Corporate Author: Национальный исследовательский Томский политехнический университет Инженерная школа природных ресурсов Отделение нефтегазового дела
Other Authors: Черноусов Е. Д. (научный руководитель), Мельник И. А. Игорь Анатольевич
Summary:Заглавие с экрана
Language:Russian
Published: 2020
Series:Геофизические методы исследования земли и поисков и разведки месторождений полезных ископаемых. Геоинформационные системы в геофизических исследованиях
Subjects:
Online Access:http://earchive.tpu.ru/handle/11683/62660
Format: Electronic Book Chapter
KOHA link:https://koha.lib.tpu.ru/cgi-bin/koha/opac-detail.pl?biblionumber=631340

MARC

LEADER 00000naa2a2200000 4500
001 631340
005 20231101133645.0
035 |a (RuTPU)RU\TPU\conf\33041 
035 |a RU\TPU\conf\33035 
090 |a 631340 
100 |a 20200826d2020 k y0rusy50 ca 
101 0 |a rus 
102 |a RU 
105 |a y z 100zy 
135 |a drcn ---uucaa 
181 0 |a i  
182 0 |a b 
200 1 |a Вторичные процессы как индикаторы продуктивности низкоомных коллекторов  |f В. Е. Охотников, Е. Д. Черноусов  |g науч. рук. И. А. Мельник 
203 |a Текст  |c электронный 
225 1 |a Геофизические методы исследования земли и поисков и разведки месторождений полезных ископаемых. Геоинформационные системы в геофизических исследованиях 
230 |a 1 компьютерный файл (pdf; 1 335 Kb) 
300 |a Заглавие с экрана 
320 |a [Библиогр.: с. 314 (3 назв.)] 
461 1 |0 (RuTPU)RU\TPU\conf\32983  |t Проблемы геологии и освоения недр  |l Problems of Geology and Subsurface Development  |o труды XXIV Международного симпозиума имени академика М. А. Усова студентов и молодых учёных, посвященного 75-летию Победы в Великой Отечественной войне, Томск, 6-10 апреля 2020 г.  |o в 2 т.  |f Национальный исследовательский Томский политехнический университет, Инженерная школа природных ресурсов ; гл. ред. А. С. Боев ; под ред. Е. Ю. Пасечник  |d 2020 
463 1 |0 (RuTPU)RU\TPU\conf\32984  |t Т. 1  |v [С. 313-314]  |d 2020 
610 1 |a труды учёных ТПУ 
610 1 |a электронный ресурс 
610 1 |a вторичные процессы 
610 1 |a индикаторы 
610 1 |a продуктивность 
610 1 |a низкоомные коллекторы 
610 1 |a геофизические исследования 
610 1 |a скважины 
610 1 |a ГИС 
700 1 |a Охотников  |b В. Е. 
701 1 |a Черноусов  |b Е. Д. 
702 1 |a Мельник  |b И. А.  |c физик, специалист в области ядерной физики  |c профессор Томского политехнического университета, доктор геолого-минералогических наук  |f 1962-  |g Игорь Анатольевич  |2 stltpush  |4 727 
712 0 2 |a Национальный исследовательский Томский политехнический университет  |b Инженерная школа природных ресурсов  |b Отделение нефтегазового дела  |h 8084  |2 stltpush  |3 (RuTPU)RU\TPU\col\23546 
801 2 |a RU  |b 63413507  |c 20200925  |g RCR 
856 4 |u http://earchive.tpu.ru/handle/11683/62660 
942 |c BK